| 000 -LEADER | |
|---|---|
| fixed length control field | 00325nam a22001217a 4500 |
| 008 - FIXED-LENGTH DATA ELEMENTS--GENERAL INFORMATION | |
| fixed length control field | 260423b |||||||| |||| 00| 0 eng d |
| 082 ## - DEWEY DECIMAL CLASSIFICATION NUMBER | |
| Classification number | 001307 |
| 100 ## - MAIN ENTRY--PERSONAL NAME | |
| Personal name | Tripati, Radhavallabh |
| 245 ## - TITLE STATEMENT | |
| Title | Sanskrit Sahitya Samagra Itihas |
| Number of part/section of a work | Vol 1-4 |
| 260 ## - PUBLICATION, DISTRIBUTION, ETC. | |
| Place of publication, distribution, etc. | Delhi |
| Name of publisher, distributor, etc. | New Bharatiya Book Corporation |
| Date of publication, distribution, etc. | 2021 |
| 300 ## - PHYSICAL DESCRIPTION | |
| Extent | 558p |
| 942 ## - ADDED ENTRY ELEMENTS (KOHA) | |
| Source of classification or shelving scheme | Dewey Decimal Classification |
| Withdrawn status | Lost status | Source of classification or shelving scheme | Damaged status | Not for loan | Home library | Current library | Shelving location | Date acquired | Source of acquisition | Inventory number | Total Checkouts | Full call number | Barcode | Date last seen | Price effective from | Koha item type |
|---|---|---|---|---|---|---|---|---|---|---|---|---|---|---|---|---|
| Dewey Decimal Classification | Karnataka Samskrit University Library | Karnataka Samskrit University Library | General Stacks | 04/23/2026 | Book Paradise | 94470 | 001307 | 001307 | 04/23/2026 | 04/23/2026 | Books | |||||
| Dewey Decimal Classification | Karnataka Samskrit University Library | Karnataka Samskrit University Library | General Stacks | 04/23/2026 | Book Paradise | 94470 | 001307 | 001308 | 04/23/2026 | 04/23/2026 | Books | |||||
| Dewey Decimal Classification | Karnataka Samskrit University Library | Karnataka Samskrit University Library | General Stacks | 04/23/2026 | Book Paradise | 94470 | 001307 | 001309 | 04/23/2026 | 04/23/2026 | Books | |||||
| Dewey Decimal Classification | Karnataka Samskrit University Library | Karnataka Samskrit University Library | General Stacks | 04/23/2026 | Book Paradise | 94470 | 001307 | 001310 | 04/23/2026 | 04/23/2026 | Books |